Un fucile troppo grande : l'amicizia tra un ragazzo palestinese e due ragazzi israeliani nel Medio Oriente in fiamme /
Saved in:
| Hovedforfatter: | |
|---|---|
| Andre forfattere: | |
| Format: | Bog |
| Sprog: | italiensk |
| Udgivet: |
[Napoli] : Torino :
M. Derva ; Loescher,
[2005]
|
| Serier: | Letture per la scuola ;
195 |
| Tags: |
Ingen Tags, Vær først til at tagge denne postø!
|
MARC
| LEADER | 00000nam a2200000 i 4500 | ||
|---|---|---|---|
| 001 | IT\ICCU\TO0\1415674 | ||
| 003 | ItRI | ||
| 005 | 20240130162656.0 | ||
| 008 | 050618s2005 it |||||| ||||| |||||c | ||
| 020 | |a 8882441954 (Derva) | ||
| 020 | |a 9788882441951 | ||
| 040 | |b ita |c GP | ||
| 041 | 7 | |a ita |2 ISO-639-2 | |
| 100 | 1 | |a Basso, Gina |0 IT\ICCU\CFIV\076473 |4 aut | |
| 245 | 1 | 3 | |a Un fucile troppo grande : |b l'amicizia tra un ragazzo palestinese e due ragazzi israeliani nel Medio Oriente in fiamme / |c Gina Basso ; apparato didattico a cura di Paola Cataldo. |
| 260 | |a [Napoli] : |b M. Derva ; |a Torino : |b Loescher, |c [2005] | ||
| 300 | |a 239 p. ; |c 22 cm. | ||
| 700 | 1 | |a Cataldo, Paola |0 IT\ICCU\TO0V\385567 | |
| 830 | 0 | |a Letture per la scuola ; |v 195 |0 IT\ICCU\CFI\0157670 | |
| 942 | |2 ddc |c BK | ||
| 952 | |0 0 |1 0 |2 ddc |4 0 |6 853_914000000000000_BAS |7 1 |9 536 |a RM |b RM |d 2024-01-30 |l 0 |o 853.914 BAS |p 27 |r 2024-01-30 16:27:27 |w 2024-01-30 |y BK | ||
| 981 | 1 | |6 z01 |a i |b xxxe | |
| 982 | 1 | |6 z01 |a n | |
| 999 | |c 472 |d 472 | ||